Ochranná doba v pracovním poměru

Povinnosť zamestnávateľov rešpektovať ustanovenia zákonníka práce v oblasti skončenia pracovného pomeru. Dodržovanie zákazu výpovede z pracovného pomeru zamestnancom, ktorí sa nachádzajú v určitých sociálnych a zdravotných situáciách. Pracovná neschopnosť, materstvo, tehotenstvo a výpoveď z pracovné...

Descrizione completa

Salvato in:
Dettagli Bibliografici
Autore principale: Jouza, Ladislav
Natura: Capitolo di libro
Lingua:ceco
Soggetti:
Tags: Aggiungi Tag
Nessun Tag, puoi essere il primo ad aggiungerne!!

MARC

LEADER 00000naa a2200000 4500
001 0157840
005 20230925093840.6
041 0 |a cze 
044 |a CZ 
245 1 0 |a Ochranná doba v pracovním poměru  |c Ladislav Jouza 
520 |a Povinnosť zamestnávateľov rešpektovať ustanovenia zákonníka práce v oblasti skončenia pracovného pomeru. Dodržovanie zákazu výpovede z pracovného pomeru zamestnancom, ktorí sa nachádzajú v určitých sociálnych a zdravotných situáciách. Pracovná neschopnosť, materstvo, tehotenstvo a výpoveď z pracovného pomeru. Ochrana zamestnancov vo verejnej funkcii. 
610 2 0 |a zákonník práce 
610 2 0 |a pomer pracovný 
610 2 0 |a výpoveď 
610 2 0 |a ochrana pracovníkov 
610 2 0 |a náhrada mzdy 
610 2 0 |a materstvo 
100 1 |a Jouza, Ladislav